000 02278cam a22002655a 4500
001 L144061
002 17376
008 080613s2008 xxkd f v 001 0 eng d
020 _a9781842194096
035 _a(Sirsi) u144061
041 0 _aeng
050 0 4 _a346.410435 $2 18
100 1 _aOlins, Andrew
245 0 0 _aCovenants affecting land
_ba practical guide
260 _aCoventry
_bRICS
_c2008
300 _axvi, 254p.
_bill.
_c224cm.
350 _a45
505 2 _aList of Acts, Statutory Instruments and abbreviations -- Table of cases -- Introduction What is a covenant? -- What types of covenant are there? -- Who can claim the benefit of a covenant? -- Who is burdened? -- Who can claim the benefit of a negative covenant? -- Who is burdened by a negative covenant? -- What planning obligations can a local planning authority impose? -- What remedies are available for breach of a restrictive covenant? -- What is the procedure for progressing a claim in the High Court or County Court? -- What are the costs rules in the High Court and County Court? -- Can negative covenants be discharged or modified against the wishes of the covenantee? -- Can planning covenants and obligations be discharged or modified?-- What is the procedure for progressing a claim in the Lands Tribunal? -- What are the costs rules in the Lands Tribunal? -- Is there an alternative to litigation? -- Appendices
520 _aExplains the nature of covenants affecting land and the different types of covenant. Seeks to help the reader answer two key questions: are the covenants affecting a site enforceable? If so, is there a way of getting rid of them? Provides essential information for surveyors or lawyers acting for local residents who wish to oppose an application to the Lands Tribunal to discharge or modify negative covenants on a developer's site. Explains the relevant procedures and how much they will cost. Uses flow charts to explain key processes and case law to illustrate key points and help the reader understand how the theory works in practice. Includes cases summaries, specimen forms and summary of the relevant legislation.
521 _aAdvanced
590 _aKA
651 4 _aEngland and Wales
_y1543-
690 _aBoundary disputes
_96221
942 _n0
999 _c108372
_d108372